[Event "AUTO-ADV-1662"]
[Site "http://www.queenalice.com/game.php?id=825687"]
[Date "2010.8.30"]
[Round "2"]
[White "matadordebambis"]
[Black "matadourodepeixes"]
[Result "1/2-1/2"]
[WhiteElo "2163"]
[BlackElo "2190"]

1. e4 c6 2. d4 d5 3. Nc3 dxe4 4. Nxe4 Nd7 5. Nf3 Ngf6 6. Ng3 e6 7. Bd3 Bd6 8.
O-O O-O 9. c3 h6 10. Re1 Re8 11. Bc2 Qc7 12. Nf1 e5 13. dxe5 Nxe5 14. Nd4 a6 15.
h3 Bd7 16. Nf5 Bxf5 17. Bxf5 Ng6 18. Be3 Nf8 19. Qf3 Nd5 20. Bd2 Bf4 21. Be4
Bxd2 22. Nxd2 Nf6 23. Bc2 Ne6 24. Nc4 Nc5 25. b4 1/2-1/2

[Event "AUTO-ADV-1662"]
[Site "http://www.queenalice.com/game.php?id=825688"]
[Date "2010.8.30"]
[Round "2"]
[White "matadourodepeixes"]
[Black "matadordebambis"]
[Result "1/2-1/2"]
[WhiteElo "2188"]
[BlackElo "2165"]

1. d4 Nf6 2. c4 d5 3. e3 e6 4. a3 c6 5. Nf3 Be7 6. Nc3 O-O 7. Bd3 h6 8. Qc2 Nbd7
9. O-O a6 10. b3 b6 11. e4 dxe4 12. Nxe4 Bb7 13. Bb2 c5 14. Rfd1 cxd4 15. Bxd4
Qc7 16. Bb2 Rfd8 17. Nxf6+ Bxf6 18. Be2 Qc6 19. Ne1 Bxb2 20. Qxb2 Nf6 21. Bf3
Qc7 22. Qe2 Rac8 23. Qe3 Bc6 24. Nd3 Qb7 1/2-1/2

[Event "AUTO-ADV-1662"]
[Site "http://www.queenalice.com/game.php?id=825689"]
[Date "2010.8.30"]
[Round "2"]
[White "matadordebambis"]
[Black "Tonyc"]
[Result "0-1"]
[WhiteElo "2119"]
[BlackElo "2110"]

1. e4 e5 2. Nf3 Nc6 3. c3 Nf6 4. Qc2 Be7 5. a3 O-O 6. Bb5 d5 7. d3 dxe4 8. dxe4
Bd7 9. O-O a6 10. Ba4 Bc5 11. b4 Ba7 12. Nbd2 Qe7 0-1

[Event "AUTO-ADV-1662"]
[Site "http://www.queenalice.com/game.php?id=825690"]
[Date "2010.8.30"]
[Round "2"]
[White "Tonyc"]
[Black "matadordebambis"]
[Result "1-0"]
[WhiteElo "2125"]
[BlackElo "2115"]

1. d4 Nf6 2. c4 e6 3. Nf3 d5 4. e3 c6 5. Nc3 Bb4 6. Bd3 Nbd7 7. O-O dxc4 8. Bxc4
O-O 9. a3 Ba5 10. b4 Bc7 11. Bb2 Nb6 12. Be2 Nbd5 13. Bd3 a5 14. b5 Bd7 15. Nxd5
exd5 16. bxc6 Bxc6 17. Qc2 h6 18. h3 Nd7 19. a4 Re8 20. Rfe1 Qe7 21. Ba3 Bd6 22.
Bxd6 Qxd6 23. Rec1 Re7 24. Rab1 g6 25. h4 Kg7 26. h5 Re6 27. hxg6 fxg6 28. Nh4
1-0

[Event "AUTO-ADV-1648"]
[Site "http://www.queenalice.com/game.php?id=832884"]
[Date "2010.9.14"]
[Round "2"]
[White "matadordeporcos"]
[Black "matadordebambis"]
[Result "1/2-1/2"]
[WhiteElo "2125"]
[BlackElo "2165"]

1. e4 c5 2. Nf3 a6 3. c3 e6 4. d4 Qc7 5. Be2 cxd4 6. cxd4 Nf6 7. Nc3 d5 8. e5
Nfd7 9. O-O Be7 10. Bd3 b5 11. Be3 O-O 12. Rc1 Qd8 13. Ne1 f6 14. f4 f5 15. Nf3
Bb7 16. Qe1 Qe8 17. Ne2 Nb6 18. b3 Nc6 19. Qg3 Rc8 20. Ng5 Qg6 1/2-1/2

[Event "AUTO-ADV-1648"]
[Site "http://www.queenalice.com/game.php?id=832885"]
[Date "2010.9.14"]
[Round "2"]
[White "matadordebambis"]
[Black "matadordeporcos"]
[Result "1/2-1/2"]
[WhiteElo "2164"]
[BlackElo "2126"]

1. e4 c5 2. Nf3 a6 3. c3 e6 4. d4 cxd4 5. cxd4 Nf6 6. Nc3 d5 7. e5 Nfd7 8. Bd3
Be7 9. O-O b5 10. a3 Nc6 11. h3 O-O 12. Be3 f5 13. Qd2 Qe8 14. g3 Bb7 15. Kh2
Rc8 16. Rg1 Qh5 17. Be2 Qe8 18. Ne1 Qd8 19. f4 Kh8 20. Rg2 1/2-1/2

[Event "AUTO-ADV-1648"]
[Site "http://www.queenalice.com/game.php?id=832888"]
[Date "2010.9.14"]
[Round "2"]
[White "matadordebambis"]
[Black "niclep"]
[Result "0-1"]
[WhiteElo "2100"]
[BlackElo "2088"]

1. d4 d5 2. c4 e6 3. e3 Nf6 4. a3 Be7 5. Nf3 h6 6. Nc3 c6 7. Bd3 O-O 8. O-O Nbd7
9. Qc2 c5 10. b3 b6 11. Bb2 Bb7 0-1

[Event "AUTO-ADV-1648"]
[Site "http://www.queenalice.com/game.php?id=832889"]
[Date "2010.9.14"]
[Round "2"]
[White "niclep"]
[Black "matadordebambis"]
[Result "1-0"]
[WhiteElo "2070"]
[BlackElo "2113"]

1. e4 c6 2. d4 d5 3. e5 Bf5 4. Nf3 e6 5. a3 Be7 6. Be2 h6 7. c3 a6 8. O-O c5 9.
b3 Nc6 10. Nbd2 Qc7 11. h3 Na7 12. a4 1-0

[Event "AUTO-OPEN-1870"]
[Site "http://www.queenalice.com/game.php?id=841592"]
[Date "2010.10.4"]
[Round "2"]
[White "matadordebambis"]
[Black "pjhunt"]
[Result "1-0"]
[WhiteElo "2142"]
[BlackElo "2139"]

1. d4 e6 2. e4 d5 3. Nd2 c5 4. c3 cxd4 5. cxd4 dxe4 6. Nxe4 Nf6 7. Nxf6+ Qxf6 8.
Nf3 Bb4+ 9. Bd2 Bxd2+ 10. Qxd2 O-O 11. Bd3 Nc6 12. O-O Rd8 13. Rad1 Nxd4 14.
Nxd4 e5 15. Nc6 Rd7 16. Nxe5 Rc7 17. Rfe1 Be6 18. Qe3 Bxa2 19. Ng4 Qc6 20. Rc1
Be6 21. Rxc6 Rxc6 22. Ne5 Rc7 23. Qg3 Rac8 24. h4 b6 25. Ng4 Rc1 26. Rxc1 Rxc1+
27. Kh2 Bxg4 28. Qxg4 g6 29. Qd4 Rd1 30. h5 Kf8 31. h6 Ke7 32. Qe5+ Kd7 33. Bb5+
Kc8 34. Qe8+ Rd8 35. Qc6+ Kb8 36. Ba6 1-0

[Event "AUTO-OPEN-1870"]
[Site "http://www.queenalice.com/game.php?id=841593"]
[Date "2010.10.4"]
[Round "2"]
[White "pjhunt"]
[Black "matadordebambis"]
[Result "0-1"]
[WhiteElo "2127"]
[BlackElo "2154"]

1. c4 Nf6 2. Nc3 g6 3. e4 d6 4. Nf3 Bg7 5. d4 c6 6. Be2 O-O 7. O-O Nbd7 8. Re1
e5 9. Rb1 Qe7 10. d5 a6 11. Qc2 c5 12. h3 Nh5 13. Be3 Nf4 14. b4 cxb4 15. Rxb4
Nc5 16. Bxc5 dxc5 17. Rb6 Rd8 18. Reb1 Rb8 19. Ne1 h5 20. a4 Qg5 21. Kh1 Bf8 22.
Bf1 h4 23. Nf3 Qh5 24. Be2 Bd6 25. Kg1 Bc7 26. R6b3 Ba5 27. Nd1 f5 28. R1b2 Re8
29. Nc3 b6 30. exf5 gxf5 31. Qc1 Qh6 32. Qe3 e4 33. Ne1 Kh7 34. Bd1 Bd7 35. Rb1
Rg8 36. R3b2 Rg3 37. f3 Nxh3+ 38. Kf1 Qxe3 39. Re2 Qg1# 0-1

[Event "AUTO-OPEN-1869"]
[Site "http://www.queenalice.com/game.php?id=880732"]
[Date "2011.1.3"]
[Round "3"]
[White "Pagano"]
[Black "matadordebambis"]
[Result "0-1"]
[WhiteElo "2044"]
[BlackElo "2103"]

1. e4 c6 2. d3 d5 3. Nd2 Nf6 4. g3 dxe4 5. dxe4 Qc7 6. Bg2 e5 7. Ne2 Nbd7 8. O-O
Be7 9. Nc4 b5 10. Ne3 O-O 11. c3 Nc5 12. Qc2 Rd8 13. Rd1 Rxd1+ 14. Nxd1 Be6 15.
Ne3 Rd8 16. Nf5 Ncxe4 17. Nxe7+ Qxe7 18. Be3 Bf5 19. Qb3 Ng4 20. a4 Nxe3 21.
fxe3 Qc5 22. Bxe4 Qxe3+ 0-1

[Event "AUTO-OPEN-1869"]
[Site "http://www.queenalice.com/game.php?id=880733"]
[Date "2011.1.3"]
[Round "3"]
[White "matadordebambis"]
[Black "Pagano"]
[Result "1-0"]
[WhiteElo "2113"]
[BlackElo "1964"]

1. e4 c6 2. d4 d5 3. Nc3 dxe4 4. Nxe4 Nd7 5. Nf3 Ngf6 6. Ng3 g6 7. Be2 Bg7 8.
O-O O-O 9. c3 Nb6 10. Qc2 h5 11. c4 Qc7 12. b3 a5 13. Re1 e6 14. Bb2 Bd7 15.
Rad1 a4 16. Bc3 axb3 17. axb3 Ra7 18. Ra1 Rfa8 19. Rxa7 Rxa7 20. Qb2 Ne8 21. Ne4
c5 22. Nxc5 Bc6 23. Ne5 Bxe5 24. dxe5 Qe7 25. Bd4 Qg5 26. Bf1 h4 27. f4 Qg4 28.
Nd3 h3 29. Bxb6 1-0